Economic and financial decisions under risk (Registro nro. 89909)

Detalles MARC
000 -ENCABEZADO
Número de control [NR] 00946nam a22002657a 4500
005 - FECHA Y HORA DE LA ÚLTIMA TRANSACCIÓN
control field 20211105120717.0
008 - DE LONGITUD FIJA DE DATOS DE ELEMENTOS - INFORMACIÓN GENERAL
Elementos de longitud fija [NR] 130821s2005 xxu gr eng
020 ## - NUMERO INTERNACIONAL NORMALIZADO PARA LIBROS [R]
Número Internacional Normalizado del libro [NR] 691122156
040 ## - FUENTE DE CATALOGACION [NR]
Agencia de catalogación original [NR] Co-BoUCM
Idioma de catalogación [NR] spa
Quien Cataloga [Nuevo]
Quien Clasifica [Nuevo]
041 00 - CODIGO DE IDIOMA [R]
Código de idioma para texto/pista de sonido o título separado [R] Inglés
100 1# - ASIENTO PRINCIPAL--NOMBRE PERSONAL [NR]
Nombre personal [NR] Eeckhoudt, Louis
ID Autoridad 75802
245 10 - MENCION DE TITULO [NR]
Título [NR] Economic and financial decisions under risk
Mención de responsabilidad, etc. [NR] Louis Eeckhoudt, Christian Gollier y Harris Schlesinger
260 ## - PUBLICACION, DISTRIBUCION, ETC. (PIE DE IMPRENTA) [R]
Lugar de publicación, distribución, etc. [R] Princeton (Nueva Jersey, Estados Unidos)
Nombre del editor, distribuidor, etc. [R] Princeton University Press
Fecha de publicación, distribución, etc. [R] 2005
300 ## - DESCRIPCION FISICA [R]
Extensión [R] 234 páginas
650 07 - ASIENTO SECUNDARIO DE MATERIA - TERMINO TEMATICO [R]
Término temático o nombre geográfico como elemento de entrada [NR] Administración de riesgos
9 (RLIN) 8574
650 07 - ASIENTO SECUNDARIO DE MATERIA - TERMINO TEMATICO [R]
Término temático o nombre geográfico como elemento de entrada [NR] Administración del portafolio
9 (RLIN) 8586
650 07 - ASIENTO SECUNDARIO DE MATERIA - TERMINO TEMATICO [R]
Término temático o nombre geográfico como elemento de entrada [NR] Finanzas
9 (RLIN) 7628
650 07 - ASIENTO SECUNDARIO DE MATERIA - TERMINO TEMATICO [R]
Término temático o nombre geográfico como elemento de entrada [NR] Finanzas
Subdivisión general [R] Toma de decisiones
9 (RLIN) 7628
650 07 - ASIENTO SECUNDARIO DE MATERIA - TERMINO TEMATICO [R]
Término temático o nombre geográfico como elemento de entrada [NR] Riesgo (Finanzas)
9 (RLIN) 23790
690 #0 - ASUNTO AGREGADO LOCAL DE ENTRADA - TÉRMINO TEMÁTICO (OCLC, RLIN)
Acceso temático local Economía
9 (RLIN) 174
700 1# - ASIENTO SECUNDARIO - NOMBRE PERSONAL [R]
Nombre personal [NR] Gollier, Christian.
9 (RLIN) 75803
700 1# - ASIENTO SECUNDARIO - NOMBRE PERSONAL [R]
Nombre personal [NR] Schlesinger, Harris
9 (RLIN) 75804
942 ## - ELEMENTOS DE ENTRADA AGREGADOS (KOHA)
Tema principal Economía
Edición 1
Parte restante de la signatura top. E269e
Tipo de ítem principal el descrito en 300a Libro
Sistema de clasificación DEWEY
Clasificación 338.5
Existencias
Fecha de último préstamo Total préstamos Total Renewals Signatura topográfica Código de barras Última vez visto Ejemplar Price effective from Tipo de ítem Perdido Sistema de clasificación Dañado No prestable Tipo de ítem específico Suprimido Ubicación habitual Ubicación actual Localización Fecha de creación Forma de adquisición Costo
22/10/2024 79 33 338.5 E269e 100100406 04/12/2025 Ej.3 03/02/2013 Libro   DEWEY     Libro   Claustro Claustro Mezanine 28/02/2009 Compra 69693.00
19/06/2025 70 33 338.5 E269e 100072409 04/12/2025 Ej.1 03/02/2013 Libro   DEWEY     Libro   Claustro Claustro Mezanine 28/02/2005 Compra 105000.00
29/10/2018 7   338.5 E269e 100073819 04/12/2025 Ej.2 03/02/2013 Libro de reserva   DEWEY     Libro de reserva   Claustro Claustro Mezanine 28/02/2005 Compra 75.00